| 000 | 01151nam a22003137a 4500 | ||
|---|---|---|---|
| 003 | EG-GICUC | ||
| 005 | 20260124230329.0 | ||
| 008 | 260124s2019 ua ||||fr|||| 00| 0 ara d | ||
| 040 |
_a EG-GICUC _bara _c EG-GICUC _d EG-GICUC _erda |
||
| 041 | _aara | ||
| 082 | 0 | 4 |
_221 _a343.3 _bم ح . ش |
| 092 | 0 | 4 | _221 |
| 099 | _aLaw1 10 343.3 6 ed - 2019 | ||
| 100 | 0 |
_aمحمود نجييب حسني _eمؤلف. |
|
| 245 |
_aشرح قانون الإجراءات الجنائية : _bوفقا لأحدث التعديلات / _cمحمود نجييب حسني |
||
| 250 | _aالطبعة السادسة | ||
| 264 |
_aالقاهرة : _bدار النهضة العربية , _c2019 . |
||
| 300 |
_a837 صفحة; _c24 سم |
||
| 336 |
_2rda content _atext |
||
| 337 |
_2rda media _aComputer |
||
| 338 |
_2rda carrier _aOnline Resource |
||
| 546 | _aالنص باللغة العربية | ||
| 650 | 1 | _aقانون جنائي | |
| 650 | 1 | _aقانون الإجراءات الجنائية | |
| 700 |
_aفوزية عبدالستار _eمراجع. |
||
| 856 | 4 | 0 | _uhttps://fll.law.cu.edu.eg/fulltext/bks/B10-05772.pdf |
| 905 | _a44 | ||
| 942 |
_2ddc _cBK _e21 _n0 |
||
| 999 |
_c59151 _d59151 |
||